Adobe Photoshop Cs5 / (Record no. 36286)

MARC details
000 -LEADER
fixed length control field 00458nam a22001697a 4500
005 - DATE AND TIME OF LATEST TRANSACTION
control field 20240805130843.0
008 - FIXED-LENGTH DATA ELEMENTS--GENERAL INFORMATION
fixed length control field 240805b |||||||| |||| 00| 0 eng d
020 ## - INTERNATIONAL STANDARD BOOK NUMBER
ISBN 9781111130411
082 ## - DEWEY DECIMAL CLASSIFICATION NUMBER
Classification number 006.686
Item number RED-A
100 ## - MAIN ENTRY--AUTHOR
Author Name Reding, Elizabth eisner
245 ## - TITLE STATEMENT
Title Adobe Photoshop Cs5 /
Statement of responsibility, etc. Elizabth Esiner Reding
260 ## - PUBLICATION, DISTRIBUTION, ETC.
Place of Publication usa:
Name of publisher, distributor, etc. cengage learning;
Date of publication, distribution, etc. 2011.
500 ## - GENERAL NOTE
General note include index.
650 ## - SUBJECT ADDED ENTRY--TOPICAL TERM
Subject / Department Photography
300 ## - PHYSICAL DESCRIPTION
-- ILL;
-- 23 cm.
952 ## - LOCATION AND ITEM INFORMATION (KOHA)
-- 0
-- 0
952 ## - LOCATION AND ITEM INFORMATION (KOHA)
-- 0
-- 0
952 ## - LOCATION AND ITEM INFORMATION (KOHA)
-- 0
-- 0
952 ## - LOCATION AND ITEM INFORMATION (KOHA)
-- 0
-- 0
952 ## - LOCATION AND ITEM INFORMATION (KOHA)
-- 0
-- 0
Holdings
Lost status Damaged status Collection code Permanent Location Current Location Shelving Location Date acquired Full Call Number Accession No./Barcode Date last seen Copy number item type Koha item type
    CS/IT Superior Information Resource Center (SIRC) Superior University- Gold Campus Superior Information Resource Center (SIRC) Superior University- Gold Campus Photography 08/05/2024 006.686 RED-A 2011 18052 08/05/2024 1 BOOK BOOK
    CS/IT Superior Information Resource Center (SIRC) Superior University- Gold Campus Superior Information Resource Center (SIRC) Superior University- Gold Campus Photography 08/05/2024 006.686 RED-A 2011 18053 08/05/2024 2 BOOK BOOK
    CS/IT Superior Information Resource Center (SIRC) Superior University- Gold Campus Superior Information Resource Center (SIRC) Superior University- Gold Campus Photography 08/05/2024 006.686 RED-A 2011 18054 08/05/2024 3 BOOK BOOK
    CS/IT Superior Information Resource Center (SIRC) Superior University- Gold Campus Superior Information Resource Center (SIRC) Superior University- Gold Campus Photography 08/05/2024 006.686 RED-A 2011 18056 08/05/2024 4 BOOK BOOK
    CS/IT Superior Information Resource Center (SIRC) Superior University- Gold Campus Superior Information Resource Center (SIRC) Superior University- Gold Campus Photography 08/21/2024 006.686 RED-A 2011 18055 08/21/2024 5 BOOK BOOK

Powered by Koha